Control de armas: incluye innovaciones de la Ley Nº 20.813 de 6 de febrero de 2015

-д хадгалсан:
Номзүйн дэлгэрэнгүй
Үндсэн зохиолч: Cea Cienfuegos, Sergio (Зохиогч)
Бусад зохиолчид: Morales Contardo, Patricio (autor)
Формат: Ном
Хэл сонгох:испани
Хэвлэсэн: Santiago Thomson Reuters Legal Publishing Chile 2018
Хэвлэл:5a. ed
Цуврал:Colección Tratados y Manuales
Нөхцлүүд:
Шошгууд: Шошго нэмэх
Шошго байхгүй, Энэхүү баримтыг шошголох эхний хүн болох!

MARC

LEADER 00000cam a2200000 a 4500
001 UCC2566
003 CL-VaPUC
008 180309e20180100cl |||||||||||||||||spa|d
020 |a 9789563469349 
082 0 4 |a 363.33  |b CEA  |2 21 
100 0 |a Cea Cienfuegos, Sergio  |e author  |9 596626 
700 |a Morales Contardo, Patricio  |e autor  |9 779100 
245 1 0 |a Control de armas: incluye innovaciones de la Ley Nº 20.813 de 6 de febrero de 2015 
250 |a 5a. ed 
300 |a 439 p 
942 |c BK 
945 |d 20180309 22:06:00  |a arojas 
260 |a Santiago  |b Thomson Reuters Legal Publishing Chile  |c 2018 
650 0 |a Armas   |9 318202 
650 7 |a LEGISLACION  |2 CL-VaPUC  |9 596628 
650 7 |a LEY DE CONTROL DE ARMAS  |2 CL-VaPUC  |9 418340 
583 |a last modification  |c 20180309 22:06:00  |k Rodrigo Vera 
490 0 |a Colección Tratados y Manuales 
999 |c 370633  |d 370631 
952 |0 0  |1 0  |3 erb  |4 0  |6 363_330000000000000_CEA_2018  |7 0  |8 A  |9 487190  |a BIBDER  |b BIBDER  |i 5452589  |l 4  |m 4  |o 363.33 CEA 2018  |p 5452589  |r 2024-11-15  |s 2024-11-04  |w 2019-11-24  |y BK  |z Catalogado en:20180309  |k DER